<?xml version="1.0" encoding="UTF-8"?>
<record
    xmlns:xsi="http://www.w3.org/2001/XMLSchema-instance"
    xsi:schemaLocation="http://www.loc.gov/MARC21/slim http://www.loc.gov/standards/marcxml/schema/MARC21slim.xsd"
    xmlns="http://www.loc.gov/MARC21/slim">

  <leader>01645cam a22002775a 4500</leader>
  <controlfield tag="005">20160926120352.0</controlfield>
  <controlfield tag="008">121206s2012    ck ab    b    000 0 spa d</controlfield>
  <datafield tag="020" ind1=" " ind2=" ">
    <subfield code="a">9789588447759</subfield>
  </datafield>
  <datafield tag="040" ind1=" " ind2=" ">
    <subfield code="a">GZM</subfield>
    <subfield code="c">GZM</subfield>
    <subfield code="d">GZM</subfield>
    <subfield code="d">TJC</subfield>
    <subfield code="d">DLC</subfield>
    <subfield code="d">CO-BoIAVH</subfield>
  </datafield>
  <datafield tag="041" ind1="0" ind2=" ">
    <subfield code="a">spa</subfield>
  </datafield>
  <datafield tag="044" ind1=" " ind2=" ">
    <subfield code="a">ck</subfield>
  </datafield>
  <datafield tag="082" ind1="0" ind2="4">
    <subfield code="a">551.57</subfield>
    <subfield code="b">M59a</subfield>
  </datafield>
  <datafield tag="245" ind1="0" ind2="0">
    <subfield code="a">Metodolog&#xED;a para el an&#xE1;lisis de vulnerabilidad y an&#xE1;lisis de riesgos asociados en la cuenca alta del r&#xED;o Cauca /</subfield>
    <subfield code="c">Programa de Integraci&#xF3;n de Ecosistemas y Adaptaci&#xF3;n al Cambio Clim&#xE1;tico en el Macizo Colombiano ; [edici&#xF3;n y textos, Claudia Aydee Capera Layton].</subfield>
  </datafield>
  <datafield tag="260" ind1=" " ind2=" ">
    <subfield code="a">[Colombia] :</subfield>
    <subfield code="b">IDEAM, Instituto de Hidrolog&#xED;a Meteorolog&#xED;a y Estudios Ambientales : </subfield>
    <subfield code="b">MDG F, Fondo para el Logro de los ODM,</subfield>
    <subfield code="c">[2011]</subfield>
  </datafield>
  <datafield tag="300" ind1=" " ind2=" ">
    <subfield code="a">100 p&#xE1;ginas :</subfield>
    <subfield code="b">ilustraciones a color y mapas a color ;</subfield>
    <subfield code="c">28 x 21 cm.</subfield>
  </datafield>
  <datafield tag="500" ind1=" " ind2=" ">
    <subfield code="a">"Documento de trabajo -- versi&#xF3;n 15/07/2011."</subfield>
  </datafield>
  <datafield tag="504" ind1=" " ind2=" ">
    <subfield code="a">Incluye referencias bibliogr&#xE1;ficas.</subfield>
  </datafield>
  <datafield tag="650" ind1="2" ind2="6">
    <subfield code="a">Cambio clim&#xE1;tico</subfield>
    <subfield code="x">Evaluaci&#xF3;n de riesgos</subfield>
    <subfield code="z">Colombia</subfield>
    <subfield code="z">R&#xED;o Cauca</subfield>
    <subfield code="x">Metodolog&#xED;a</subfield>
  </datafield>
  <datafield tag="650" ind1="2" ind2="6">
    <subfield code="a">Evaluaci&#xF3;n del impacto ambiental</subfield>
    <subfield code="z">Colombia</subfield>
    <subfield code="z">R&#xED;o Cauca</subfield>
    <subfield code="x">Metodolog&#xED;a</subfield>
  </datafield>
  <datafield tag="650" ind1="2" ind2="6">
    <subfield code="a">Mitigaci&#xF3;n del cambio clim&#xE1;tico</subfield>
    <subfield code="x">Investigaci&#xF3;n</subfield>
    <subfield code="z">Colombia</subfield>
    <subfield code="z">R&#xED;o Cauca</subfield>
    <subfield code="x">Metodolog&#xED;a</subfield>
  </datafield>
  <datafield tag="700" ind1="1" ind2=" ">
    <subfield code="a">Capera Layton, Claudia Aydee.</subfield>
    <subfield code="e">editora</subfield>
  </datafield>
  <datafield tag="710" ind1="2" ind2=" ">
    <subfield code="a">Programa de Integraci&#xF3;n de Ecosistemas y Adaptaci&#xF3;n al Cambio Clim&#xE1;tico en el Macizo Colombiano.</subfield>
  </datafield>
  <datafield tag="710" ind1="2" ind2=" ">
    <subfield code="a">Instituto de Hidrolog&#xED;a, Meteorolog&#xED;a y Estudios Ambientales (Colombia)</subfield>
  </datafield>
  <datafield tag="710" ind1="2" ind2=" ">
    <subfield code="a">Fondo para el Logro de los Objetivos de Desarrollo del Milenio del Gobierno de Espa&#xF1;a.</subfield>
  </datafield>
  <datafield tag="942" ind1=" " ind2=" ">
    <subfield code="2">ddc</subfield>
    <subfield code="c">LIBRO</subfield>
  </datafield>
  <datafield tag="999" ind1=" " ind2=" ">
    <subfield code="c">19053</subfield>
    <subfield code="d">19053</subfield>
  </datafield>
  <datafield tag="952" ind1=" " ind2=" ">
    <subfield code="0">0</subfield>
    <subfield code="1">0</subfield>
    <subfield code="2">ddc</subfield>
    <subfield code="4">0</subfield>
    <subfield code="7">0</subfield>
    <subfield code="8">GENERAL</subfield>
    <subfield code="I">INV2017</subfield>
    <subfield code="a">Bogota</subfield>
    <subfield code="b">Bogota</subfield>
    <subfield code="d">2016-09-26</subfield>
    <subfield code="e">Instituto</subfield>
    <subfield code="g">39000.00</subfield>
    <subfield code="l">0</subfield>
    <subfield code="o">LB-551.57 M59a</subfield>
    <subfield code="p">040724</subfield>
    <subfield code="r">2016-09-26 00:00:00</subfield>
    <subfield code="t">Ej. 1</subfield>
    <subfield code="w">2016-09-26</subfield>
    <subfield code="x">Donacion</subfield>
    <subfield code="y">LIBRO</subfield>
  </datafield>
</record>
